[Event "Dreifluesse op 7th"]
[Site "Passau"]
[Date "1999.04.03"]
[Round "4"]
[White "Nurbekoglu, Michael"]
[Black "Webersberger, Johann"]
[Result "1-0"]
[WhiteElo "2175"]
[BlackElo "1917"]

1.e4 c5 2.Nf3 e6 3.d4 cxd4 4.Nxd4 a6 5.Bd3 Qc7 6.O-O Nc6 7.Nxc6 dxc6 8.Nd2 Nf6
9.Qe2 e5 10.a4 a5 11.Nc4 Bc5 12.Qf3 O-O 13.Qg3 Re8 14.Bh6 Ng4 15.Bxg7 Kxg7
16.h3 Qe7 17.hxg4 Qg5 18.Be2 h5 19.Rad1 hxg4 20.Ne3 Rh8 21.Nxg4 Rh5 22.Rd3 Bxg4
23.Qxg4 Qxg4 24.Bxg4 Rh4 25.Bf3 Kf6 26.g3 Rg8 27.Kg2 Rh6 28.Rd7 b6 29.Rc7 Kg7
30.Be2 Rd8 31.Bd3 Rdh8 32.Bc4 Rf6 33.f4 Bd6 34.Rxc6 exf4 35.Rxb6 fxg3 36.Rxf6 Rh2+
37.Kf1 g2+ 38.Kg1 Bc5+ 39.Rf2 Bxb6 40.Kxh2 Bxf2 41.Kxg2 Bd4 42.b3 Kf6 43.Kf3 Ke7
44.Ke2 f6 45.Kd3 Bb6 46.c3 Kd6 47.b4 Ke5 48.Bg8 f5 49.exf5 Kxf5 50.Kc4 Ke5
51.Kb5 Bd8 52.Kc6 Ke4 53.b5 Kd3 54.c4 Kc3 55.c5 Kb4 56.b6 Bh4 57.b7 Bg3 58.Kb6 Kxa4
59.c6 Bf2+ 60.Kc7 Bg3+ 61.Kd7 Ka3 62.c7 Bxc7 63.Kxc7 a4 64.Kb6  1-0

[Event "Neckar op 3rd"]
[Site "Deizisau"]
[Date "1999.04.04"]
[Round "6"]
[White "Zeller, Frank"]
[Black "Chuchelov, Vladimir"]
[Result "1-0"]
[WhiteElo "2441"]
[BlackElo "2534"]

1.e4 c5 2.Nf3 e6 3.d4 cxd4 4.Nxd4 a6 5.Bd3 Nf6 6.Nc3 Qc7 7.f4 d6 8.Nf3 Nbd7
9.O-O g6 10.Qe1 Bg7 11.Qh4 O-O 12.f5 b5 13.a3 Bb7 14.Bh6 Rae8 15.Ng5 Qd8
16.Rf2 Nh5 17.Bxg7 Kxg7 18.fxg6 fxg6 19.Rf7+ Kg8 20.Rxh7 Rf4 21.Rg7+ Kh8
22.Nf7+ Kxg7 23.Qxd8 Rxd8 24.Nxd8 Nc5 25.b4 Nxd3 26.Nxb7 Ne5 27.Nxd6 Nc6
28.Rd1 Nf6 29.Ne2 Rh4 30.g3 Rh8 31.Nf4 Ng4 32.Rf1 Nd8 33.h4 Rf8 34.c4 Ne3
35.Rc1 e5 36.Nd5 Rf3 37.cxb5 axb5 38.Nxb5 Ne6 39.a4 Ng4 40.Rc3 Rf8 41.a5 Nd4
42.Nxd4 exd4 43.Ra3 Rc8 44.a6 Rc1+ 45.Kg2 Rc2+ 46.Kf1  1-0

[Event "Mar del Plata op 30th"]
[Site "Mar del Plata"]
[Date "1999.04.04"]
[Round "9"]
[White "Bianchi, Albino"]
[Black "Peralta, Fernando"]
[Result "0-1"]
[WhiteElo "2225"]
[BlackElo "2433"]

1.e4 c5 2.Nf3 e6 3.d4 cxd4 4.Nxd4 a6 5.Bd3 Qc7 6.O-O Nf6 7.c4 Nc6 8.Be3 Ne5
9.h3 d6 10.Nc3 Nxd3 11.Qxd3 Be7 12.f4 O-O 13.Rac1 b6 14.Nf3 Bb7 15.Bd4 Nd7
16.Nd2 Rfd8 17.Qg3 Bf6 18.Bxf6 Nxf6 19.Rfe1 Rac8 20.b3 Qb8 21.Re3 b5 22.Kh2 d5
23.Qh4 dxc4 24.Rg3 Rxd2 25.Qxf6 g6 26.bxc4 b4 27.h4 Re8 28.Nb1 Rf2 29.Rg4 Qd8
30.Qxd8 Rxd8 31.c5 Bxe4  0-1

[Event "Dreifluesse op 7th"]
[Site "Passau"]
[Date "1999.04.04"]
[Round "5"]
[White "Heedt, Thorsten"]
[Black "Jaracz, Pawel"]
[Result "0-1"]
[WhiteElo "2222"]
[BlackElo "2445"]

1.e4 c5 2.Nf3 e6 3.d4 cxd4 4.Nxd4 a6 5.Bd3 Nc6 6.Nxc6 dxc6 7.O-O e5 8.f4 Nf6
9.h3 exf4 10.Bxf4 Be6 11.Nd2 Be7 12.Qe2 O-O 13.Kh1 Nd7 14.Nf3 Nc5 15.b3 Nxd3
16.cxd3 a5 17.d4 a4 18.d5 cxd5 19.Rad1 axb3 20.exd5 Bxd5 21.axb3 Bf6 22.Rd3 Qa5
23.Rfd1 Qb5 24.Qe3 Rad8 25.Bc7 Rd7 26.Qb6 Qxb6 27.Bxb6 Bxf3 28.Rxd7 Bxd1
29.Rxd1 Rc8 30.Kg1 Rc6 31.Bd8 Be5 32.Ba5 h5 33.Kf2 h4 34.Rd3 Kh7 35.Kf3 Bg3
36.Bc3 g5 37.Ke4 Kg6 38.Bb4 Rb6 39.Bc5 Re6+ 40.Kf3 Rf6+ 41.Ke2 Rc6 42.Bg1 f5
43.Rd7 Rc2+ 44.Kd3 Rxg2 45.Bd4 Bf2 46.Be5 g4 47.hxg4 fxg4 48.Ke4 Bc5 49.Rg7+ Kh6
50.Rc7 Re2+ 51.Kf5 Rxe5+ 52.Kxe5 g3 53.Rxc5 g2 54.Rc1 Kg5 55.Rc7 h3 56.Rxb7 h2
57.Rg7+ Kh6 58.Rxg2 h1=Q 59.Rg4 Qf3 60.Rc4 Qxb3  0-1

[Event "Oberlin op"]
[Site "Oberlin"]
[Date "1999.04.17"]
[Round "3"]
[White "Rajlich, Vasik G"]
[Black "Serper, Grigory"]
[Result "0-1"]
[WhiteElo "2270"]
[BlackElo "2541"]

1.e4 c5 2.Nf3 e6 3.d4 cxd4 4.Nxd4 a6 5.Bd3 Nf6 6.O-O Qc7 7.Qe2 d6 8.c4 g6
9.b3 Bg7 10.Bb2 O-O 11.Nd2 b6 12.Rac1 Bb7 13.Bb1 Nbd7 14.Rfd1 Rad8 15.Nf1 Qb8
16.f3 Rfe8 17.Qf2 d5 18.cxd5 exd5 19.Nc6 Bxc6 20.Rxc6 dxe4 21.fxe4 Ng4 22.Qe2 Bxb2
23.Qxb2 Nde5 24.Rcc1 b5 25.Rxd8 Rxd8 26.g3 Nf3+ 27.Kh1 Qb6 28.Kg2 Ngxh2 29.Qe2 Qg1+
30.Kh3 Ng5+ 31.Kh4 Nhf3+ 32.Kg4 h5+ 33.Kf4 Ne6+ 34.Kxf3 Nd4+ 35.Kf4 f6 36.e5 Nxe2+  0-1

[Event "BL2-O9899"]
[Site "Germany"]
[Date "1999.04.18"]
[Round "9.5"]
[White "Zunker, Reinhard"]
[Black "Priehoda, Vitezslav"]
[Result "1/2-1/2"]
[WhiteElo "2205"]
[BlackElo "2370"]

1.e4 c5 2.Nf3 e6 3.d4 cxd4 4.Nxd4 a6 5.Bd3 Qb6 6.Nb3 Qc7 7.c4 Bb4+ 8.Nc3 Nf6
9.O-O b6 10.Qe2 Bxc3 11.bxc3 d6 12.f4 Nbd7 13.Ba3 Bb7 14.Rad1 e5 15.Bc2  1/2-1/2

[Event "BL2-S9899"]
[Site "Germany"]
[Date "1999.04.18"]
[Round "9.2"]
[White "Velicka, Petr"]
[Black "Lenz, Thomas"]
[Result "1-0"]
[WhiteElo "2449"]
[BlackElo "2290"]

1.e4 c5 2.Nf3 e6 3.d4 cxd4 4.Nxd4 a6 5.Bd3 Qc7 6.Qe2 d6 7.c4 Nf6 8.Nc3 g6
9.O-O Bg7 10.Rd1 O-O 11.Nf3 Nc6 12.Bf4 Nd7 13.Rac1 Nde5 14.b3 b6 15.Bb1 Bb7
16.Be3 Nxf3+ 17.Qxf3 Ne5 18.Qe2 Rfd8 19.Qd2 Rab8 20.h3 f5 21.f4 Nf7 22.Qf2 Bc6
23.exf5 gxf5 24.Nd5 Qb7 25.Nxb6 Kh8 26.Bd3 Rg8 27.Bf1 Bf6 28.c5 Rxg2+ 29.Bxg2 Rg8
30.Nd5 Bxd5 31.Rxd5 Qxd5 32.Kh1 Qd3 33.c6 d5 34.Qd2 Qxd2 35.Bxd2 Nd6 36.c7 Rc8
37.Bf1  1-0

[Event "IND-ROW m"]
[Site "Bali"]
[Date "1999.05.03"]
[Round "2"]
[White "Adianto, Utut"]
[Black "Torre, Eugenio"]
[Result "1-0"]
[WhiteElo "2607"]
[BlackElo "2557"]

1.e4 c5 2.Nf3 e6 3.d4 cxd4 4.Nxd4 a6 5.Bd3 Nf6 6.O-O d6 7.c4 Bd7 8.Nc3 Nc6
9.Nc2 Be7 10.b3 O-O 11.Bb2 Qa5 12.Kh1 Rfd8 13.f4 Be8 14.a3 Rac8 15.b4 Qc7
16.Qf3 Nb8 17.Ne3 b6 18.Qh3 Bc6 19.Rae1 Bb7 20.e5 dxe5 21.Ncd5 exd5 22.Bxe5 dxc4
23.Bf5 Bd6 24.Bxf6 g6 25.Ng4 h5 26.Nh6+ Kf8 27.Qc3  1-0

[Event "NRW-Liga I 9899"]
[Site "GER"]
[Date "1999.05.06"]
[Round "9"]
[White "Schoenthier, Frank"]
[Black "Miezis, Normunds"]
[Result "0-1"]
[WhiteElo "2370"]
[BlackElo "2515"]

1.e4 c5 2.Nf3 e6 3.d4 cxd4 4.Nxd4 a6 5.Bd3 Nc6 6.Nxc6 dxc6 7.Nd2 e5 8.Qh5 Bd6
9.Nc4 Nf6 10.Qe2 Bc7 11.O-O Be6 12.a4 O-O 13.Bg5 h6 14.Bh4 Qe7 15.Ne3 g5
16.Bg3 Rad8 17.Qf3 Rd4 18.Nf5 Bxf5 19.Qxf5 Nh5 20.b3 Kg7 21.Rae1 Qf6 22.Qg4 Nf4
23.Bxf4 exf4 24.h4 Qe6 25.Qf5 Qxf5 26.exf5 Kf6 27.Re2 Rfd8 28.Rfe1 Ba5 29.Rf1 g4
30.f3 g3 31.Re4 Rxe4 32.fxe4 Bb6+ 33.Kh1 Ke5 34.Rd1 a5 35.Re1 Rd4 36.Rf1 Bd8
37.h5 Bb6 38.Re1 Rd8 39.Rd1 Be3 40.Re1 Rg8 41.Be2 Kxe4 42.Rd1 Kxf5 43.Rd7 Ke6
44.Rxb7 Rd8 45.Bd3 Rd5  0-1

[Event "Capablanca mem Premier II"]
[Site "Havana"]
[Date "1999.05.09"]
[Round "3"]
[White "Gongora, Maikel"]
[Black "Garcia Martinez, Silvino"]
[Result "1-0"]
[WhiteElo "2427"]
[BlackElo "2420"]

1.e4 c5 2.Nf3 e6 3.d4 cxd4 4.Nxd4 a6 5.Bd3 Nf6 6.O-O e5 7.Nf3 d6 8.c4 Be7
9.Nc3 h6 10.Ne1 O-O 11.Nc2 Bg4 12.f3 Be6 13.Be3 Nbd7 14.Nb4 Rc8 15.Nbd5 Bxd5
16.exd5 Nh5 17.g3 Nhf6 18.Rc1 h5 19.h3 g6 20.f4 exf4 21.gxf4 Nh7 22.b4 Bf6
23.Ne4 Bg7 24.Qf3 Qe7 25.Rfe1 f5 26.Nd2 Bb2 27.Rc2 Qg7 28.Nb3 Rfe8 29.Rg2 Bc3
30.Bxf5 gxf5 31.Rxg7+ Kxg7 32.Rc1  1-0

[Event "Capablanca mem Premier I"]
[Site "Havana"]
[Date "1999.05.12"]
[Round "5"]
[White "Otero, Diosmany"]
[Black "Vilela, Jose Luis"]
[Result "1-0"]
[WhiteElo "2403"]
[BlackElo "2396"]

1.e4 c5 2.Nf3 e6 3.d4 cxd4 4.Nxd4 a6 5.Bd3 Bc5 6.Nb3 Ba7 7.Nc3 Nc6 8.Qe2 d6
9.Be3 e5 10.O-O Nge7 11.f4 exf4 12.Rxf4 Ng6 13.Rf2 Nge5 14.h3 O-O 15.Raf1 Be6
16.Bxa7 Rxa7 17.Nd5 Qg5 18.Nf4 Raa8 19.c3 Rae8 20.Nd4 Nxd4 21.cxd4 Nxd3 22.Qxd3 Bd7
23.Qb3 Bc8 24.Re1 b5 25.Qa3 Qd8 26.Qg3 f6 27.Nh5 Qe7 28.Ref1 Kh8 29.e5 dxe5
30.dxe5 f5 31.Re1 Bb7 32.e6 Be4 33.Rd1 Rd8 34.Rfd2 Rxd2 35.Rxd2 f4 36.Nxf4 Qf6
37.Rd7 Bc6 38.Nh5 Qg6 39.Qxg6 hxg6 40.Rf7 Re8 41.Nxg7 Bd5 42.Nxe8  1-0

[Event "Kleve op"]
[Site "Kleve"]
[Date "1999.05.13"]
[Round "1"]
[White "Mittelsteiner, Horst"]
[Black "Mainka, Gregor"]
[Result "0-1"]
[WhiteElo "2010"]
[BlackElo "2342"]

1.e4 c5 2.Nf3 e6 3.d4 cxd4 4.Nxd4 a6 5.Bd3 Qb6 6.Nb3 Qc7 7.O-O Nf6 8.Qe2 d6
9.f4 Nbd7 10.c4 b6 11.Nc3 Be7 12.Be3 Bb7 13.g4 g6 14.Rac1 Rc8 15.g5 Nh5 16.Qf2 Nc5
17.Nxc5 dxc5 18.Be2 Ng7 19.Bf3 O-O 20.Rcd1 f6 21.Qh4 fxg5 22.fxg5 Bd6 23.Bg2 Be5
24.Qh3 Rxf1+ 25.Bxf1 Bxc3 26.bxc3 Bxe4 27.Qg4 Ba8 28.Bg2 Bxg2 29.Qxg2 Nf5
30.Bf2 Rd8 31.Rxd8+ Qxd8 32.Qe4 Qxg5+ 33.Kf1 Qc1+ 34.Kg2 Qg5+ 35.Kf1 Qc1+
36.Kg2 Qxc3 37.Qxe6+ Kg7 38.Qxb6 Qxc4 39.a3 Qd5+ 40.Kg1 Qd1+ 41.Kg2 Qd5+
42.Kg1 Nd4 43.Qc7+ Kh6 44.Be3+ g5 45.Qe7 Nf3+ 46.Kf2 Nxh2 47.Qf8+ Kg6 48.Ke2 c4
49.Qe8+ Kh6 50.Qf8+ Kh5 51.Qe8+ Kg4 52.Qc8+ Kg3 53.Qc7+ Kg2 54.Bxg5  0-1

[Event "VCN SchaakFestival"]
[Site "Soest"]
[Date "1999.05.15"]
[Round "4"]
[White "De Pender, Paul"]
[Black "Van Haastert, Edwin"]
[Result "0-1"]
[WhiteElo "2059"]
[BlackElo "2337"]

1.e4 c5 2.Nf3 e6 3.d4 cxd4 4.Nxd4 a6 5.Bd3 Qc7 6.c4 Nc6 7.Nxc6 dxc6 8.O-O e5
9.Nc3 Nf6 10.Be2 Bc5 11.Qc2 Qe7 12.Bd2 Be6 13.Rad1 O-O 14.a3 b5 15.cxb5 axb5
16.Nb1 Rfc8 17.Bc3 Nd7 18.Qd3 f6 19.Nd2 Nb6 20.b4 Bd6 21.Bb2 Bc7 22.Rc1 Na4
23.Ba1 Bb6 24.Qg3 Rd8 25.Nb3 Qf7 26.Nc5 Bxc5 27.bxc5 Rd2 28.Qe3 Rxe2 29.Qxe2 Bc4
30.Qd1 Bxf1 31.Kxf1 Qe7 32.Qd6 Qxd6 33.cxd6 Rc8 34.d7 Rd8 35.Rxc6 Rxd7 36.Ke2 Kf7
37.Bc3 h5 38.Bb4 Nb2 39.Rb6 Nd3 40.f3 Nf4+ 41.Kf2 Rc7 42.g3 Rc2+ 43.Kf1 Nh3
44.Be1 Ra2 45.Rxb5 Rxa3 46.f4 exf4 47.Rxh5 Ng5 48.gxf4 Rf3+ 49.Kg2 Rxf4 50.Rxg5 fxg5
51.e5 Ke6 52.Ba5 Rc4 53.Bd8 g4 54.Bh4 Kxe5 55.Bg3+ Ke4 56.Bd6 Kf5 57.Kg3 Rc3+
58.Kg2 Rc6 59.Bb8 Ke4 60.Kg3 Rg6 61.Bc7 Ke3 62.Bb8 Ke2 63.Bc7 Kf1 64.Bf4 Ke2
65.Bc7 Kd3 66.Bb8 Ke4 67.Bc7 Kf5 68.Bb8 Rb6 69.Bc7 Rb3+ 70.Kg2 Kg5 71.Bd8+ Kh5
72.Be7 Rd3 73.Bf8 g6 74.Be7 g3 75.hxg3 Kg4  0-1

[Event "Curitiba"]
[Site "Curitiba"]
[Date "1999.05.16"]
[Round "1"]
[White "Tsuboi, Edson Kenji"]
[Black "Dumont, Sadi Glasser"]
[Result "1/2-1/2"]
[WhiteElo "2330"]
[BlackElo "2378"]

1.e4 c5 2.Nf3 e6 3.d4 cxd4 4.Nxd4 a6 5.Bd3 Nf6 6.O-O d6 7.c4 g6 8.Nc3 Bg7
9.Bg5 h6 10.Be3 Nc6 11.Be2 O-O 12.Nxc6 bxc6 13.Qd2 Rb8 14.Bxh6 Bxh6 15.Qxh6 Rxb2
16.Rad1 e5 17.f4 Rxe2 18.Nxe2 Ng4  1/2-1/2

[Event "Santo Antonio"]
[Site "Santo Antonio"]
[Date "1999.05.16"]
[Round "2"]
[White "Rocha, Sergio"]
[Black "Hamdouchi, Hichem"]
[Result "0-1"]
[WhiteElo "2430"]
[BlackElo "2564"]

1.e4 c5 2.Nf3 e6 3.d4 cxd4 4.Nxd4 a6 5.Bd3 Nc6 6.Nxc6 dxc6 7.f4 e5 8.f5 Bc5
9.Qe2 Nf6 10.Nd2 Qc7 11.a4 b6 12.Nc4 Bb7 13.Bd2 b5 14.Na5 Bd4 15.c3 Bb6 16.Nxb7 Qxb7
17.a5 Ba7 18.Be3 O-O-O 19.O-O-O Bxe3+ 20.Qxe3 Qc7 21.b4 c5 22.Bc2 cxb4 23.cxb4 Rxd1+
24.Rxd1 Rd8 25.Rxd8+ Kxd8 26.Kb2 Qd6 27.Kc3 Qc6+ 28.Kb2 Qd6 29.Kc3 Qc6+ 30.Kb2 h6
31.h3 Qd6 32.Kc3 Qc7+ 33.Kb2 Qc6 34.Qg3 Qd6 35.Ka3 Qd4 36.Qxg7 Qc3+ 37.Bb3 Qa1+
38.Ba2 Qc3+ 39.Bb3 Qa1+ 40.Ba2 Qc1+ 41.Kb3 Ke7 42.Qg3 Qd1+ 43.Kb2 Qd4+ 44.Qc3 Qxc3+
45.Kxc3 Nxe4+ 46.Kd3 Nd6 47.g4 Kf6 48.h4 h5 49.gxh5 Kxf5 50.Bb3 Kf6 51.Bd1 Kg7
52.Be2 Kh6 53.Ke3 f6 54.Kd3 f5 55.Bd1 Ne8 56.Ke3 Nf6 57.Bf3 e4 58.Be2 Nd5+
59.Kd4 Nxb4 60.Kc5 Nd3+ 61.Kb6 b4 62.Bd1 f4 63.Kxa6 f3 64.Kb6 f2 65.a6 f1=Q
66.a7 Qg1+ 67.Ka6 Qxd1  0-1

[Event "Zalakaros Kupa 18th"]
[Site "Zalakaros"]
[Date "1999.05.20"]
[Round "9"]
[White "Sax, Gyula"]
[Black "Kustar, Sandor"]
[Result "0-1"]
[WhiteElo "2524"]
[BlackElo "2434"]

1.e4 c5 2.Nf3 e6 3.d4 cxd4 4.Nxd4 a6 5.Bd3 g6 6.O-O Bg7 7.Be3 Nf6 8.c4 d6
9.Nc3 Nbd7 10.Rc1 b6 11.Qd2 Ng4 12.Bg5 Qc7 13.Be2 Ngf6 14.Rfd1 Bb7 15.f3 Rd8
16.Ndb5 axb5 17.Nxb5 Qc5+ 18.Be3 Qc6 19.Qxd6 Rc8 20.e5 Ng8 21.Qxc6 Rxc6 22.f4 Ne7
23.Bf3 Nf5 24.Bf2 h5 25.Bxc6 Bxc6 26.Nd6+ Ke7 27.Nxf5+ gxf5 28.Bh4+ f6 29.Rd6 Rc8
30.Rcd1 b5 31.R1d4 Nc5 32.Rd8 Rc7 33.b4 Nd7 34.cxb5 Bd5 35.exf6+ Bxf6 36.Bxf6+ Nxf6
37.Rb8 Ng4 38.Rd1 Rc2 39.Re1  0-1

[Event "Kassel op"]
[Site "Kassel"]
[Date "1999.05.23"]
[Round "4"]
[White "Gjokaj, Gjon"]
[Black "Preusser, Raimund"]
[Result "1-0"]
[WhiteElo "2237"]
[BlackElo "2171"]

1.e4 c5 2.Nf3 e6 3.d4 cxd4 4.Nxd4 a6 5.Bd3 Qb6 6.Nb3 Qc7 7.O-O Nf6 8.f4 d6
9.Be3 Nbd7 10.N1d2 Be7 11.Qf3 h5 12.h3 b6 13.Rae1 Bb7 14.Qf2 e5 15.Nc4 b5
16.Nb6 Nxb6 17.Bxb6 Qc8 18.fxe5 dxe5 19.Qg3 Qe6 20.Bc7 Nd7 21.Qxg7 Bf6 22.Qg3 Ke7
23.Rf5 Rag8 24.Qf2 Rg5 25.Nc5 Rxf5 26.exf5 Qc6 27.Nxd7 Qxc7 28.Nxf6 Kxf6
29.Qh4+ Kg7 30.f6+ Kf8 31.Qb4+ Kg8 32.Qd4 Rh6 33.Rxe5  1-0

[Event "BUL-ch"]
[Site "Plovdiv"]
[Date "1999.05.23"]
[Round "12"]
[White "Todorov, Todor"]
[Black "Marholev, Dimitar"]
[Result "1-0"]
[WhiteElo "2480"]
[BlackElo "2307"]

1.e4 c5 2.Nf3 e6 3.d4 cxd4 4.Nxd4 a6 5.Bd3 g6 6.a4 Bg7 7.Nb3 b6 8.Nc3 Nc6
9.Bf4 Ne5 10.Be2 Qc7 11.Qd2 Bb7 12.Rd1 Rd8 13.O-O h5 14.Qd6 Qxd6 15.Rxd6 Nc6
16.Rfd1 Nge7 17.R6d2 Ne5 18.Be3 Nc8 19.a5 bxa5 20.Nxa5 Ba8 21.Bxa6 Ng4 22.Bd4 Bxd4
23.Rxd4 Ne7 24.Bb5 Ne5 25.Rd6 g5 26.Nc4 Nxc4 27.Bxc4 Nc6 28.Bb5 Ne5 29.f3 h4
30.Kf2 Ke7 31.h3 Rb8 32.Ra6 Rhc8 33.Rd2 Rc7 34.Ra2 Bc6 35.Bxc6 Rxc6 36.Nd1 Nc4
37.Re2 Rd6 38.Ke1 Rc8 39.b3 Ne5 40.Rd2 Rdc6 41.Ne3 Rc3 42.Ke2 R8c7 43.Rd4 Ng6
44.Kd2 Nf4 45.b4 Rxe3 46.Kxe3 Nxg2+ 47.Kd2 Nf4 48.b5 Rb7 49.Rb4 Nxh3 50.b6 Ng1
51.Ke3 Kd6 52.Rb1 Nh3 53.Ra7 Kc6 54.Rxb7 Kxb7 55.Rd1 f5 56.Rxd7+ Kxb6 57.Rd6+ Kc7
58.Rxe6 f4+ 59.Ke2 g4 60.fxg4 f3+ 61.Kf1  1-0

[Event "CRO-Cup"]
[Site "Pula"]
[Date "1999.05.26"]
[Round "3"]
[White "Orak, Ljubomir"]
[Black "Jurkovic, Hrvoje"]
[Result "0-1"]
[WhiteElo "2355"]
[BlackElo "2367"]

1.e4 c5 2.Nf3 e6 3.d4 cxd4 4.Nxd4 a6 5.Bd3 Nc6 6.Nxc6 dxc6 7.O-O e5 8.Nd2 Ne7
9.Nc4 Ng6 10.Qh5 Bc5 11.Bg5 Qc7 12.a4 Be6 13.Kh1 h6 14.Bd2 Rd8 15.Bc3 Bd4
16.Bb4 Nf4 17.Qf3 Nxd3 18.cxd3 Bxc4 19.dxc4 Bxb2 20.Rab1 Bd4 21.Qg4 g5 22.h4 Qd7
23.Qh5 Qe6 24.Bd2 Rd7 25.hxg5 Qg6 26.Qh3 Bc5 27.Rfd1 Rh7 28.Rxb7 Rd8 29.Kg1 hxg5
30.Qf3  0-1

[Event "Salongernas IM"]
[Site "Stockholm"]
[Date "1999.06.05"]
[Round "1"]
[White "Couso, Luis"]
[Black "Dzevlan, Miralem"]
[Result "1/2-1/2"]
[WhiteElo "2302"]
[BlackElo "2435"]

1.e4 c5 2.Nf3 e6 3.d4 cxd4 4.Nxd4 a6 5.Bd3 Qb6 6.Nb3 Qc7 7.O-O d6 8.Be3 Nf6
9.f4 Nbd7 10.a4 b6 11.Qe2 Bb7 12.N1d2 Be7 13.Kh1 O-O 14.Bg1 e5 15.fxe5 dxe5
16.Nc4 Qc6 17.Nbd2 Bc5 18.Ne3 g6 19.c3  1/2-1/2

[Event "Guillermo Garcia mem-A"]
[Site "Santa Clara"]
[Date "1999.06.06"]
[Round "12"]
[White "De la Paz, Frank"]
[Black "Paramos Dominguez, Roberto"]
[Result "1-0"]
[WhiteElo "2495"]
[BlackElo "2445"]

1.e4 c5 2.Nf3 e6 3.d4 cxd4 4.Nxd4 a6 5.Bd3 Nf6 6.Nc3 Qc7 7.O-O Nc6 8.Be3 Ne5
9.h3 b5 10.f4 Nc4 11.Bxc4 Qxc4 12.e5 b4 13.exf6 bxc3 14.b3 Qd5 15.fxg7 Bxg7
16.Nf3 Bb7 17.Bd4 Rg8 18.Bxg7 Rxg7 19.Qxd5 Bxd5 20.Rae1 f5 21.Re3 Rc8 22.Kf2 h6
23.g3 Be4 24.Nd4 Rc5 25.Rc1 Ke7 26.Ne2 Kf6 27.Rxc3 Rd5 28.Rc4 Rd2 29.Rc3 Rd5
30.Ke3 Bg2 31.h4 Be4 32.Rc4 Rd6 33.Rg1 Bd5 34.Rc5 Rb6 35.Ra5 d6 36.c4 Bb7
37.Rd1 Rc7 38.Rc1 Rb4 39.Nd4 Rg7 40.Kf2 Rb6 41.Rc3 Rg8 42.a3 Rg7 43.b4 Rc7
44.Ke3 Bd5 45.c5 dxc5 46.bxc5 Rb2 47.Rxa6 Rg7 48.Ne2 Bb7 49.Rb6 Ra2 50.c6 Bc8
51.c7 Ke7 52.Kf3  1-0

[Event "Voronezh op 3rd"]
[Site "Voronezh"]
[Date "1999.06.13"]
[Round "2"]
[White "Dashko, Andrey"]
[Black "Kostin, Alexey"]
[Result "1-0"]
[WhiteElo "2276"]
[BlackElo "2393"]

1.e4 c5 2.Nf3 e6 3.d4 cxd4 4.Nxd4 a6 5.Bd3 Bc5 6.Nb3 Ba7 7.Nc3 Nc6 8.Qe2 d6
9.Be3 Nf6 10.O-O-O b5 11.f4 b4 12.Na4 Bd7 13.g4 e5 14.Bxa7 Rxa7 15.g5 Ng8
16.Qf2 exf4 17.h4 Nge7 18.Nb6 O-O 19.Nd5 Ng6 20.Nd4 Nxd4 21.Qxd4 Rb7 22.Bxa6 Rb8
23.Bc4 Ne5 24.Bb3 Bg4 25.Rdf1 f3 26.Nxb4 Qa5 27.Nd3 Rfc8 28.Nxe5 dxe5 29.Qe3 Be6
30.Kb1 Bg4 31.h5 Qa6 32.Rfg1 Be6 33.Qxf3 Qc6 34.Rc1 Rb4 35.Rhe1 g6 36.hxg6 hxg6
37.Qf6 Bc4 38.Qxc6 Rxc6 39.a3 Rb7 40.Bxc4 Rxc4 41.b3 Rc3 42.Kb2 Rbc7 43.a4 Rg3
44.Rg1 Rh3 45.a5 Rh4 46.Rge1 Rg4 47.b4 Rxg5  1-0

[Event "Voronezh op 3rd"]
[Site "Voronezh"]
[Date "1999.06.14"]
[Round "3"]
[White "Gavrilov, Alexei"]
[Black "Kasantsev, Anatolij B"]
[Result "1-0"]
[WhiteElo "2440"]
[BlackElo "2171"]

1.e4 c5 2.Nf3 e6 3.d4 cxd4 4.Nxd4 a6 5.Bd3 Nf6 6.O-O Qc7 7.Bg5 Nxe4 8.Bxe4 Qe5
9.Qf3 d5 10.Bxd5 Bd6 11.g3 Qxd5 12.Qxd5 exd5 13.Re1+ Kf8 14.Nc3 Nc6 15.Rad1 Bg4
16.Rd2 Bb4 17.Re3 f6 18.Bf4 Kf7 19.f3 Bd7 20.Nxc6 bxc6 21.Ree2 Rhe8 22.a3 Ba5
23.b4 Bb6+ 24.Kg2 a5 25.Ne4 Kg6 26.Nd6 Rxe2+ 27.Rxe2 axb4 28.axb4 Ra2 29.g4 c5
30.Re7 Rxc2+ 31.Kg3 Bxg4 32.Ne8 Bf5 33.Rxg7+ Kh5 34.Nxf6+  1-0

[Event "Andorra la Vella op"]
[Site "Andorra la Vella"]
[Date "1999.06.26"]
[Round "1"]
[White "Moran Rodriguez, Luciano"]
[Black "Psakhis, Lev"]
[Result "1/2-1/2"]
[WhiteElo "2093"]
[BlackElo "2564"]

1.e4 c5 2.Nf3 e6 3.d4 cxd4 4.Nxd4 a6 5.Bd3 Nf6 6.O-O Qc7 7.Nc3 Bc5 8.Nb3 Be7
9.f4 d6 10.Qe2 Nc6 11.Bd2 b5 12.a3 Bb7 13.Rae1 g6 14.Kh1 h5 15.e5 dxe5 16.fxe5 Nd7
17.Nd5 exd5 18.e6 fxe6 19.Bxg6+ Kd8 20.Qxe6 Qd6 21.Na5 Ra7 22.Nxc6+ Bxc6
23.Ba5+ Kc8 24.Qxe7 Qxg6 25.Re6 Qxc2 26.Bc3 Rg8 27.Rxc6+ Rc7 28.Rxc7+ Kxc7
29.Be5+ Kc8 30.Bg3 Qc6 31.Qe3 h4  1/2-1/2

[Event "Swidnica op"]
[Site "Swidnica"]
[Date "1999.06.28"]
[Round "1"]
[White "Nurkiewicz, Maciej"]
[Black "Mikhaletz, Lubomir"]
[Result "0-1"]
[WhiteElo "2301"]
[BlackElo "2485"]

1.e4 c5 2.Nf3 e6 3.d4 cxd4 4.Nxd4 a6 5.Bd3 Nf6 6.O-O d6 7.c4 Be7 8.Nc3 O-O
9.Be3 b6 10.f4 Qc7 11.Qf3 Nbd7 12.Rac1 Bb7 13.b4 Rac8 14.g4 g6 15.g5 Nh5
16.Qg4 Qd8 17.Nde2 b5 18.cxb5 axb5 19.Bxb5 Ng7 20.Nd4 Rc7 21.Nd5 exd5 22.Rxc7 Ne5
23.fxe5 Qxc7 24.Rc1 Qb8 25.Qd7 dxe5 26.Qxe7 exd4 27.Bxd4 Ne6 28.Bb2 d4 29.Bc4 Qf4
30.Qxb7 Qe3+ 31.Kh1 Qf3+ 32.Kg1 Nxg5 33.Bf1 Qe3+ 34.Kh1 d3 35.Bg2 d2 36.Rf1 Nh3
37.Bxh3 Qxh3 38.Kg1 Qxf1+  0-1

[Event "World op"]
[Site "Philadelphia"]
[Date "1999.06.29"]
[Round "3"]
[White "Rajlich, Vasik G"]
[Black "Serper, Grigory"]
[Result "0-1"]
[WhiteElo "2270"]
[BlackElo "2541"]

1.e4 c5 2.Nf3 e6 3.d4 cxd4 4.Nxd4 a6 5.Bd3 Nf6 6.O-O Qc7 7.Qe2 d6 8.Kh1 g6
9.f4 Bg7 10.b3 O-O 11.Bb2 Nbd7 12.Nd2 Nc5 13.a4 Bd7 14.e5 Nd5 15.exd6 Qxd6
16.Nc4 Qc7 17.Qf3 Nxf4 18.Qxf4 Qxf4 19.Rxf4 Nxd3 20.cxd3 e5 21.Rf2 exd4 22.Ba3 Rfe8
23.Nd6 Re3 24.Rxf7 Bc6 25.Rc7 Be5 26.Re7 Bf6 27.Rxe3 dxe3 28.Bc5  0-1

[Event "Ljubljana op 10th"]
[Site "Ljubljana"]
[Date "1999.06.30"]
[Round "6"]
[White "Podlesnik, Bogdan"]
[Black "Kurajica, Bojan"]
[Result "1/2-1/2"]
[WhiteElo "2409"]
[BlackElo "2536"]

1.e4 c5 2.Nf3 e6 3.d4 cxd4 4.Nxd4 a6 5.Bd3 Nf6 6.Nc3 d6 7.f4 g6 8.a4 Bg7
9.Nf3 O-O 10.O-O Nbd7 11.Qe1 b6 12.Kh1  1/2-1/2

[Event "Swidnica op"]
[Site "Swidnica"]
[Date "1999.06.30"]
[Round "3"]
[White "Gashimov, Vugar"]
[Black "Mikhaletz, Lubomir"]
[Result "1-0"]
[WhiteElo "2370"]
[BlackElo "2485"]

1.e4 c5 2.Nf3 e6 3.d4 cxd4 4.Nxd4 a6 5.Bd3 b5 6.a4 b4 7.a5 Bb7 8.O-O Nf6
9.Re1 e5 10.Nf5 g6 11.Nh6 d5 12.Bg5 Be7 13.Nd2 Nxe4 14.Bxe7 Kxe7 15.f3 Nxd2
16.Rxe5+ Kf8 17.Qxd2 Nc6 18.Re2 Qf6 19.Rae1 Kg7 20.Kh1 Bc8 21.Ng4 Bxg4 22.fxg4 Qxb2
23.Rf1 Rhf8 24.Qf4 Qc3 25.Re3 Qd4 26.Qg3 Nxa5 27.Ref3 Nc4 28.Rf4 Qc3 29.Qh4 Ne5
30.Qf6+ Kg8 31.Bxa6 Rfe8 32.Bb7 Re6 33.Qg5 Ra1 34.Bxd5 Qe1 35.Qd8+ Kg7 36.Bc4 Rc6
37.Rxe1 Rxe1+ 38.Rf1 Rxf1+ 39.Bxf1 Rxc2 40.Qd4 f6 41.Qxb4 Rc1 42.Kg1 g5 43.Qe4  1-0

[Event "SVK-ch"]
[Site "Nove Zamky"]
[Date "1999.07.07"]
[Round "5"]
[White "Manik, Mikulas"]
[Black "Rigo, Zsolt"]
[Result "1/2-1/2"]
[WhiteElo "2447"]
[BlackElo "2222"]

1.e4 c5 2.Nf3 e6 3.d4 cxd4 4.Nxd4 a6 5.Bd3 Bc5 6.Nb3 Ba7 7.Qg4 Nf6 8.Qg3 d6
9.O-O Nc6 10.Nc3 Ne5 11.Kh1 O-O 12.f4 Nxd3 13.cxd3 b5 14.Be3 Bxe3 15.Qxe3 Bb7
16.Rac1 Rc8 17.Qa7 Rc7 18.Qb6 Rd7 19.Qxd8 Rdxd8 20.a3 Nd7 21.Na5 Ba8 22.Na2 Rc8
23.Nb4 Nb8 24.Kg1 Rfd8 25.Kf2 Kf8 26.g3 Ke7 27.Ke3 Kd7 28.d4 Rxc1 29.Rxc1 Rc8
30.Rxc8 Kxc8 31.e5 Kc7 32.Nb3 Bb7 33.g4 Nd7 34.g5 Nb6 35.exd6+ Kxd6 36.Nc5 Ba8
37.Nbxa6 Nc4+ 38.Kd3 Nxb2+ 39.Kc3 Nd1+ 40.Kd2 Nb2 41.Kc3  1/2-1/2

[Event "SVK-ch"]
[Site "Nove Zamky"]
[Date "1999.07.08"]
[Round "6"]
[White "Mrva, Martin"]
[Black "Priehoda, Vitezslav"]
[Result "1-0"]
[WhiteElo "2441"]
[BlackElo "2369"]

1.e4 c5 2.Nf3 e6 3.d4 cxd4 4.Nxd4 a6 5.Bd3 Nc6 6.Be3 Nf6 7.O-O Qc7 8.Qe2 Ne5
9.h3 d5 10.Nd2 Bd6 11.f4 dxe4 12.fxe5 exd3 13.cxd3 Bxe5 14.Rac1 Qd8 15.N4f3 Bc7
16.Bc5 Bd7 17.Nc4 Bc6 18.Nd4 Qd5 19.b4 Nd7 20.Nf5 Nxc5 21.bxc5 Kf8 22.Nfd6 Qxc5+
23.Kh1 Bxd6 24.Qxe6 Bf4 25.Rxf4 Qe7 26.Qe5 Re8 27.Rcf1 Qxe5 28.Rxf7+ Kg8
29.Nxe5 Bd5 30.Rd7 Be6 31.Rxb7 h5 32.Nf7 Rh7 33.Ng5 Rh6 34.Re1 Bd7 35.Rc1 Bc6
36.Rc7 Bb5 37.Rc8 Kf8 38.Rf1+ Ke7 39.Re1+ Kf8 40.Rcxe8+ Bxe8 41.Re6 Bb5 42.Rxh6 gxh6
43.Ne6+ Ke7 44.Nf4 Kf6 45.Nxh5+ Ke5 46.g4 Bxd3 47.Kg2 a5 48.Kf3 Kd4 49.h4 a4
50.a3 Kc3 51.Ke3 Ba6 52.Ng3 Kb3 53.h5 Bc4 54.Ne4 Kxa3 55.g5  1-0

[Event "SVK-ch"]
[Site "Nove Zamky"]
[Date "1999.07.09"]
[Round "7"]
[White "Hagarova, Zuzana"]
[Black "Tibensky, Robert"]
[Result "1-0"]
[WhiteElo "2328"]
[BlackElo "2432"]

1.e4 c5 2.Nf3 e6 3.d4 cxd4 4.Nxd4 a6 5.Bd3 Nf6 6.O-O d6 7.Be3 Be7 8.a4 b6
9.Nc3 Bb7 10.f4 Nbd7 11.Qf3 Rc8 12.Qg3 Qc7 13.Nf3 h5 14.h3 h4 15.Nxh4 Nc5
16.e5 Nh5 17.Qf2 Ng3 18.Qxg3 Bxh4 19.Qxg7 Ke7 20.exd6+ Qxd6 21.Qe5 Qd7 22.Bxc5+ bxc5
23.f5 Rhg8 24.Be4 Bxe4 25.Nxe4 Qd5 26.Qxd5 exd5 27.Nc3 Kd6 28.Rad1 d4 29.Ne2 Ke5
30.c3 Bg5 31.Kh1 Rcd8 32.cxd4+ cxd4 33.Rd3 Be3 34.g4 Ke4 35.Rfd1 Rh8 36.Kg2 Rd6
37.Ng3+ Kf4 38.Ne2+ Ke4 39.Ng3+ Kf4 40.Rf1+ Ke5 41.Re1 Rc6 42.Nf1 Rc2+ 43.Kg3 Rxb2
44.Nxe3 dxe3 45.Rexe3+  1-0